|
|
|
|
| LEADER |
00000nam a22000007a 4500 |
| 005 |
20210517223039.0 |
| 007 |
cr|||| |||| |
| 008 |
210517s2020 co |||||s|||| 00||0 spa d |
| 020 |
|
|
|a 978-958-792-193-9
|
| 035 |
|
|
|a 33451
|
| 040 |
|
|
|a vLex
|
| 090 |
|
|
|c 11704
|d 11704
|
| 100 |
1 |
|
|a Cifuentes Olarte, Arnulfo
|
| 245 |
1 |
0 |
|a Sistema de Gestin̤ de la Seguridad y Salud en el Trabajo
|h [Recurso electrn̤ico] /
|c Arnulfo Cifuentes Olarte, Olga Lorena Cifuentes Giraldo, Carlos Arturo Ceballos
|
| 256 |
|
|
|a Servicio en ln̕ea
|
| 260 |
|
|
|a Bogot:̀
|b Ediciones de la U,
|c 2020
|
| 300 |
|
|
|a 1 recurso electrn̤ico
|
| 500 |
|
|
|a Lineamientos jurd̕icos y tčnicos para el diseǫ e implementacin̤ del SGSST con los Estǹdares Mn̕imos. Gua̕s metodolg̤icas del MinTrabajo. El 1 de junio de 2017 comenz ̤a regir para todas las empresas pb︢licas y privadas establecidas en el pas̕, definitivamente, despuš de varios plazos fijados desde el aǫ 2014, el Sistema de Gestin̤ de la Seguridad y la Salud en Trabajo-SGSST-, en reemplazo del Programa de Salud Ocupacional ?PSO-, de acuerdo con las definiciones del artc̕ulo 1 de la Ley 1562 de 2012: ?Programa de Salud Ocupacional: en lo sucesivo se entender ̀como el Sistema de Gestin̤ de la Seguridad y Salud en el Trabajo SG-SST. Este sistema consiste en el desarrollo de un proceso lg̤ico y por etapas, basado en la mejora continua y que incluye la polt̕ica, la organizacin̤, la planificacin̤, la aplicacin̤, la evaluacin̤, la auditora̕ y las acciones de mejora con el objetivo de anticipar, reconocer, evaluar y controlar los riesgos que puedan afectar la seguridad y salud en el trabajo?.
|
| 506 |
1 |
|
|a Disponible solo en los productos indicados
|d vLex Global
|d vLex Global (Academic Edition, excluding Law Schools)
|d vLex Global (U.S. Academic Edition, Law Schools)
|d vLex Global (U.S. Academic Edition, excluding Law Schools)
|d vLex Global (Academic Edition, Law Schools)
|
| 650 |
0 |
4 |
|a Seguridad y Salud Laboral
|z Colombia
|
| 700 |
1 |
|
|a Cifuentes Giraldo, Olga Lorena
|
| 700 |
1 |
|
|a Ceballos, Carlos Arturo
|
| 740 |
0 |
|
|a vLex Libros (Servicio en ln̕ea)
|
| 856 |
4 |
0 |
|u https://vlex.com/source/sistema-de-gestion-de-la-seguridad-y-salud-en-el-trabajo-33451
|z Acceso restringido
|
| 942 |
|
|
|c BOOK
|
| 999 |
0 |
|
|a Occupational Health & Safety
|